Juárez y los Estados Unidos /

Biografía en cuatro volúmenes del presidente Benito Juárez García (1806-1872); se propone ser una historia viva, al relatar y analizar la actuación de Juárez en el marco de su tiempo. La conforman las obras Juárez y los Estados Unidos (1960); Juárez y la intervención (1962); Juárez y el Imperio (196...

Celý popis

Uloženo v:
Podrobná bibliografie
Hlavní autor: Fuentes Mares, José (autor)
Médium: Kniha
Jazyk:španělština
Vydáno: México : Jus, 1964, c1964
Vydání:4a edición
Edice:(México Heroico ; 29)
Témata:
Tagy: Přidat tag
Žádné tagy, Buďte první, kdo vytvoří štítek k tomuto záznamu!

MARC

LEADER 00000nam^a2200000^a^4500
001 000026179
005 20250521000000.0
009 20260310084721.522
037 |a Acervo ITESO - Biblioteca 
041 |a ESP 
082 |a 972. 0511  |b FUE JUA V. 1 
100 |a Fuentes Mares, José  |e (autor) 
240 1 1 |a [Juárez, de José Fuentes Mares] 
245 1 0 |a Juárez y los Estados Unidos /  |c J. Fuentes Mares. 
250 |a 4a edición 
264 4 |a México :  |b Jus,  |c 1964, c1964 
300 |a 244 p. 
336 |a texto  |b txt  |2 rdacontenido 
337 |a sin mediación  |b n  |2 rdamedio 
338 |a volumen  |b nc  |2 rdasoporte 
440 1 |a (México Heroico ;  |v 29) 
520 |a Biografía en cuatro volúmenes del presidente Benito Juárez García (1806-1872); se propone ser una historia viva, al relatar y analizar la actuación de Juárez en el marco de su tiempo. La conforman las obras Juárez y los Estados Unidos (1960); Juárez y la intervención (1962); Juárez y el Imperio (1963); y Juárez y la República (1965). 
649 |a XX 
650 |a Jefes de Estado Mexicanos -  |x Biografías 
650 |a Tratado de La Mesilla, 1853 -  |x Historia 
650 |a Relaciones Internacionales -  |z México-EUA -  |x Historia -  |y Siglo XIX 
650 |a México -  |x Historia -  |y Dictadura, 1853-1855 
650 |a México -  |x Historia -  |y Constitución y Reforma, 1855-1863 -  |x Tema Principal 
650 |a México -  |x Historia -  |y Siglo XIX 
650 |a Juárez, Benito -  |x Tema Principal 
910 |a Fondo General 
920 |a Impresos - Libros 
930 |a Colección General 
905 |a 101 
901 |a 0261790300  |b IT1  |c ACC  |i 903953  |u 20250521 
902 |a https://opac.biblio.iteso.mx/vufind/Record/000026179